000 00360nam a2200157Ia 4500
003 Ost
005 20260225132558.0
008 260225s9999||||xx |||||||||||||| ||und||
040 _cfsic
041 _afre
082 _a371.1
100 _aRoger deldime
_eAuteur
245 0 _aIntoduction a la psychopedagogie /
245 0 _cRoger deldime
942 _cكتاب
999 _c34618
_d34618